000 00911cam a2200241 i 4500
005 20160106072803.0
008 101012t 1999enkabf r 001 0 eng d
020 _a0300079206
040 _aDLC
_cDLC
_dCO-BoIAVH
_dCO-BoPUJ
041 0 _aeng
044 _aenk
082 0 4 _a598.97
_bK82o
100 1 _aKönig, Claus
_d1933-
245 1 0 _aOwls :
_ba guide to the owls of the world /
_cClaus Konig, Friedhelm Weick and Jan-Hendrik Becking ; illustrated by Friedhelm Weick.
260 _aNew Haven, Connecticut ;
_aLondon :
_bYale University Press,
_cc1999.
300 _a462 páginas :
_bilustraciones, láminas y mapas ;
_c25 cm.
504 _aIncluye referencias bibliográficas e índice.
650 1 4 _aBúhos
_vGuía
650 2 4 _aBúhos
_xIdentificación
_vGuía
700 1 _aWeick, Friedhelm
_eautor
700 1 _aBecking, Jan-Hendrik
_eautor
942 _2ddc
_cLIBRO
999 _c3005
_d3005